[Event "7. Arber-Senioren-Cup 2019"]
[Site "Bodenmais"]
[Date "2019.08.01"]
[Round "6.24"]
[White "Braeu, Ludwig"]
[Black "Gottwald, Helmut"]
[Result "1-0"]
[WhiteElo "1818"]
[BlackElo "1579"]
[Annotator "NA"]
[PlyCount "105"]
[EventDate "2019.07.27"]
[EventType "swiss"]
[EventCountry "GER"]
[SourceTitle "playchess.com"]
[Source "ChessBase"]
[SourceQuality "1"]
[TimeControl "60/7800+30:0"]

1. c4 {[%emt 0:00:00]} Nf6 {[%emt 0:00:00]} 2. g3 {[%emt 0:00:00]} e6 {[%emt 0:00:36]} 3. Bg2 {[%emt 0:00:09]} Nc6 {[%emt 0:01:04]} 4. Nf3 {[%emt 0:01:24]} d5 {[%emt 0:02:00]} 5. b3 {[%emt 0:01:58]} Bc5 {[%emt 0:04:10]} 6. O-O {[%emt 0:03:51]} Bd7 {[%emt 0:04:48]} 7. Bb2 {[%emt 0:06:06]} O-O {[%emt 0:02:08]} 8. a3 {[%emt 0:04:27]} a6 {[%emt 0:09:33]} 9. Qc2 {[%emt 0:04:53]} h6 {[%emt 0:10:27]} 10. cxd5 {[%emt 0:02:14]} Bxf2+ {[%emt 0:02:04]} 11. Rxf2 {[%emt 0:02:07]} exd5 {[%emt 0:00:30]} 12. Bxf6 {[%emt 0:03:05]} Qxf6 {[%emt 0:00:39]} 13. Nc3 {[%emt 0:00:19]} Rfe8 {[%emt 0:12:16]} 14. Rc1 {[%emt 0:03:17]} Ne7 {[%emt 0:06:55]} 15. Nd1 {[%emt 0:06:09]} Bf5 {[%emt 0:06:22]} 16. Qb2 {[%emt 0:00:53]} Qb6 {[%emt 0:01:16]} 17. b4 {[%emt 0:06:18]} Rad8 {[%emt 0:03:30]} 18. Qd4 {[%emt 0:04:10]} Qd6 {[%emt 0:02:44]} 19. Ne3 {[%emt 0:04:22]} Bd7 {[%emt 0:08:06]} 20. Qe5 {[%emt 0:07:11]} Bc6 {[%emt 0:03:42]} 21. Qxd6 {[%emt 0:00:36]} Rxd6 {[%emt 0:00:24]} 22. Nd4 {[%emt 0:01:07]} Ng6 {[%emt 0:07:55]} 23. Nef5 {[%emt 0:05:30]} Rf6 {[%emt 0:02:29]} 24. Nxc6 {[%emt 0:00:30]} bxc6 {[%emt 0:00:37]} 25. Nd4 {[%emt 0:01:03]} Rxf2 {[%emt 0:01:20]} 26. Kxf2 {[%emt 0:00:11]} Ne5 {[%emt 0:00:56]} 27. Bf3 {[%emt 0:07:21]} Nc4 {[%emt 0:01:47]} 28. Nxc6 {[%emt 0:01:52]} Nxd2 {[%emt 0:04:33]} 29. Bxd5 {[%emt 0:00:50]} Ne4+ {[%emt 0:00:46]} 30. Bxe4 {[%emt 0:01:07]} Rxe4 {[%emt 0:00:11]} 31. e3 {[%emt 0:00:25]} Re8 {[%emt 0:03:10]} 32. Nd4 {[%emt 0:00:21]} Rc8 {[%emt 0:02:50]} 33. Rc6 {[%emt 0:02:04]} Kf8 {[%emt 0:00:58]} 34. a4 {[%emt 0:01:31]} Rb8 {[%emt 0:02:28]} 35. b5 {[%emt 0:00:38]} axb5 {[%emt 0:00:31]} 36. axb5 {[%emt 0:03:49]} Rb7 {[%emt 0:00:26]} 37. Kf3 {[%emt 0:01:05]} Ke7 {[%emt 0:00:20]} 38. Ke4 {[%emt 0:02:47]} Kd7 {[%emt 0:01:06]} 39. Kd5 {[%emt 0:00:11]} Ra7 {[%emt 0:01:42]} 40. Ra6 {[%emt 0:02:42]} Rb7 {[%emt 0:00:48]} 41. e4 {[%emt 0:02:52]} Rb8 {[%emt 0:02:49]} 42. Ra7 {[%emt 0:01:24]} Rb6 {[%emt 0:04:47]} 43. Ra6 {[%emt 0:01:41]} Rb8 {[%emt 0:01:45]} 44. e5 {[%emt 0:00:53]} Re8 {[%emt 0:02:53]} 45. Ra7 {[%emt 0:00:45]} Rb8 {[%emt 0:00:29]} 46. Kc5 {[%emt 0:01:49]} Rb6 {[%emt 0:00:53]} 47. Nc6 {[%emt 0:02:24]} Kc8 {[%emt 0:03:46]} 48. Ra8+ {[%emt 0:02:17]} Kd7 {[%emt 0:00:41]} 49. Rd8+ {[%emt 0:00:20]} Ke6 {[%emt 0:00:25]} 50. Re8+ {[%emt 0:00:10]} Kf5 {[%emt 0:01:39]} 51. Re7 {[%emt 0:00:46]} Rb7 {[%emt 0:02:22]} 52. Rxf7+ {[%emt 0:00:59]} Kg6 {[%emt 0:00:35]} 53. Rf8 {[%emt 0:01:10]} 1-0

[Event "7. Arber-Senioren-Cup 2019"]
[Site "Bodenmais"]
[Date "2019.08.01"]
[Round "6.25"]
[White "Gerl, Hans"]
[Black "Auterhoff, Juergen"]
[Result "1-0"]
[WhiteElo "1955"]
[BlackElo "1673"]
[Annotator "NA"]
[PlyCount "107"]
[EventDate "2019.07.27"]
[EventType "swiss"]
[EventCountry "GER"]
[SourceTitle "playchess.com"]
[Source "ChessBase"]
[SourceQuality "1"]
[TimeControl "60/7800+30:0"]

1. d4 {[%emt 0:00:00]} Nf6 {[%emt 0:00:00]} 2. c4 {[%emt 0:00:00]} e6 {[%emt 0:00:00]} 3. Nf3 {[%emt 0:00:00]} b6 {[%emt 0:00:36]} 4. a3 {[%emt 0:00:10]} Bb7 {[%emt 0:00:19]} 5. Nc3 {[%emt 0:00:12]} d5 {[%emt 0:01:54]} 6. cxd5 {[%emt 0:00:11]} exd5 {[%emt 0:00:36]} 7. g3 {[%emt 0:01:20]} Nbd7 {[%emt 0:01:53]} 8. Bg2 {[%emt 0:00:08]} Be7 {[%emt 0:01:20]} 9. b4 {[%emt 0:03:42]} a6 {[%emt 0:02:42]} 10. Rb1 {[%emt 0:00:52]} O-O {[%emt 0:01:05]} 11. O-O {[%emt 0:00:41]} Bd6 {[%emt 0:06:34]} 12. Qb3 {[%emt 0:04:16]} Re8 {[%emt 0:05:02]} 13. Nh4 {[%emt 0:02:11]} c6 {[%emt 0:08:43]} 14. Nf5 {[%emt 0:02:35]} Bc7 {[%emt 0:02:52]} 15. f3 {[%emt 0:03:17]} Nf8 {[%emt 0:08:29]} 16. e4 {[%emt 0:03:58]} Bc8 {[%emt 0:03:25]} 17. Rd1 {[%emt 0:02:34]} Bxf5 {[%emt 0:03:23]} 18. exf5 {[%emt 0:00:12]} Qd7 {[%emt 0:04:09]} 19. Qc2 {[%emt 0:00:49]} h6 {[%emt 0:03:04]} 20. Ne2 {[%emt 0:04:57]} Re7 {[%emt 0:04:16]} 21. Bf1 {[%emt 0:02:43]} Rae8 {[%emt 0:04:56]} 22. Nf4 {[%emt 0:03:40]} b5 {[%emt 0:02:53]} 23. Bd2 {[%emt 0:01:43]} Bb6 {[%emt 0:01:49]} 24. Bc3 {[%emt 0:00:42]} Re3 {[%emt 0:05:23]} 25. Kg2 {[%emt 0:03:30]} R3e7 {[%emt 0:01:45]} 26. Rbc1 {[%emt 0:01:01]} Bc7 {[%emt 0:03:45]} 27. Bd2 {[%emt 0:00:54]} Bb6 {[%emt 0:10:13]} 28. Qxc6 Bxd4 29. Qxa6 {[%emt 0:03:13]} Qxf5 {[%emt 0:08:16]} 30. Bd3 {[%emt 0:03:54]} Qe5 {[%emt 0:05:51]} 31. Re1 {[%emt 0:01:13]} Qb8 {[%emt 0:01:27]} 32. Rxe7 {[%emt 0:04:39]} Rxe7 {[%emt 0:00:14]} 33. Qxb5 {[%emt 0:00:24]} Qxb5 {[%emt 0:03:00]} 34. Bxb5 {[%emt 0:00:13]} Bb2 {[%emt 0:00:11]} 35. Rb1 {[%emt 0:01:13]} Bxa3 {[%emt 0:00:40]} 36. Rb3 {[%emt 0:01:04]} Ra7 {[%emt 0:02:06]} 37. Bc6 {[%emt 0:04:06]} d4 {[%emt 0:01:59]} 38. b5 {[%emt 0:01:25]} Bc5 {[%emt 0:03:23]} 39. Nd3 {[%emt 0:04:35]} Bb6 {[%emt 0:01:13]} 40. Bf4 {[%emt 0:05:27]} Ne6 {[%emt 0:01:20]} 41. Bd6 {[%emt 0:00:16]} Ra2+ {[%emt 0:06:29]} 42. Rb2 {[%emt 0:02:18]} Rxb2+ {[%emt 0:00:14]} 43. Nxb2 {[%emt 0:00:13]} Nd8 {[%emt 0:03:02]} 44. Nc4 {[%emt 0:01:58]} Ba7 {[%emt 0:07:32]} 45. Ba8 {[%emt 0:02:46]} Nd7 {[%emt 0:00:42]} 46. Bc7 {[%emt 0:00:53]} Ne6 {[%emt 0:01:00]} 47. b6 {[%emt 0:00:32]} d3 {[%emt 0:02:19]} 48. Kf1 {[%emt 0:00:44]} Ndc5 {[%emt 0:02:08]} 49. bxa7 {[%emt 0:02:32]} Nxc7 {[%emt 0:00:12]} 50. Bc6 {[%emt 0:00:13]} Nb3 51. a8=Q+ {[%emt 0:02:04]} Nxa8 {[%emt 0:03:45]} 52. Bxa8 {[%emt 0:00:02]} d2 {[%emt 0:00:32]} 53. Ke2 {[%emt 0:00:17]} Nd4+ {[%emt 0:00:55]} 54. Kxd2 {[%emt 0:00:16]} 1-0

[Event "7. Arber-Senioren-Cup 2019"]
[Site "Bodenmais"]
[Date "2019.08.01"]
[Round "6.26"]
[White "Moser, Andreas"]
[Black "Wittkugel, Friedhelm"]
[Result "1/2-1/2"]
[WhiteElo "1693"]
[BlackElo "1920"]
[Annotator "NA"]
[PlyCount "56"]
[EventDate "2019.07.27"]
[EventType "swiss"]
[EventCountry "GER"]
[SourceTitle "playchess.com"]
[Source "ChessBase"]
[SourceQuality "1"]
[TimeControl "60/7800+30:0"]

1. e4 {[%emt 0:00:00]} Nf6 {[%emt 0:00:00]} 2. Nc3 {[%emt 0:00:31]} d6 {[%emt 0:00:13]} 3. Nf3 {[%emt 0:00:39]} g6 {[%emt 0:00:42]} 4. d4 {[%emt 0:00:23]} Bg7 {[%emt 0:00:32]} 5. h3 {[%emt 0:00:24]} c6 {[%emt 0:00:34]} 6. Bd3 {[%emt 0:02:29]} Qc7 {[%emt 0:04:12]} 7. Be3 {[%emt 0:01:40]} Nbd7 {[%emt 0:01:25]} 8. Qd2 {[%emt 0:03:28]} h6 {[%emt 0:02:08]} 9. O-O-O {[%emt 0:01:49]} b5 {[%emt 0:03:26]} 10. g4 {[%emt 0:01:04]} b4 {[%emt 0:01:31]} 11. Ne2 {[%emt 0:00:14]} a5 {[%emt 0:02:38]} 12. g5 {[%emt 0:02:51]} hxg5 {[%emt 0:00:56]} 13. Nxg5 {[%emt 0:03:42]} Ba6 {[%emt 0:01:28]} 14. Ng3 {[%emt 0:04:11]} c5 {[%emt 0:02:16]} 15. Bxa6 {[%emt 0:06:16]} Rxa6 16. f4 c4 {[%emt 0:11:11]} 17. Qe2 {[%emt 0:02:01]} e6 {[%emt 0:10:36]} 18. f5 {[%emt 0:03:03]} gxf5 {[%emt 0:00:22]} 19. exf5 {[%emt 0:00:14]} e5 {[%emt 0:00:28]} 20. dxe5 {[%emt 0:06:30]} Nxe5 {[%emt 0:02:38]} 21. Bd4 {[%emt 0:02:16]} Bh6 {[%emt 0:06:25]} 22. h4 {[%emt 0:00:23]} Nfd7 {[%emt 0:00:56]} 23. Kb1 f6 24. Qh5+ Ke7 25. N3e4 Raa8 26. Ne6 Qc6 27. Qe2 c3 28. b3 a4 1/2-1/2

[Event "7. Arber-Senioren-Cup 2019"]
[Site "Bodenmais"]
[Date "2019.08.01"]
[Round "6.27"]
[White "Berger, Siegfried"]
[Black "Wolff, Peter"]
[Result "1/2-1/2"]
[WhiteElo "1548"]
[BlackElo "1915"]
[Annotator "NA"]
[PlyCount "54"]
[EventDate "2019.07.27"]
[EventType "swiss"]
[EventCountry "GER"]
[SourceTitle "playchess.com"]
[Source "ChessBase"]
[SourceQuality "1"]
[TimeControl "60/7800+30:0"]

1. e4 {[%emt 0:00:00]} c6 {[%emt 0:00:00]} 2. Nf3 {[%emt 0:00:00]} d5 {[%emt 0:00:00]} 3. exd5 {[%emt 0:01:01]} cxd5 {[%emt 0:00:02]} 4. d4 {[%emt 0:01:22]} Nf6 {[%emt 0:00:26]} 5. Nc3 {[%emt 0:01:54]} g6 {[%emt 0:02:08]} 6. Bb5+ {[%emt 0:02:41]} Nc6 {[%emt 0:00:29]} 7. h3 {[%emt 0:00:34]} Bg7 {[%emt 0:00:25]} 8. O-O {[%emt 0:01:26]} O-O {[%emt 0:00:16]} 9. Re1 {[%emt 0:01:45]} Qc7 {[%emt 0:05:27]} 10. Bg5 {[%emt 0:04:01]} Be6 {[%emt 0:00:44]} 11. Qd2 {[%emt 0:03:26]} Rfd8 {[%emt 0:02:00]} 12. Bf4 {[%emt 0:02:06]} Qb6 {[%emt 0:01:11]} 13. Bxc6 {[%emt 0:04:49]} Qxc6 {[%emt 0:03:31]} 14. Ng5 {[%emt 0:04:25]} Nh5 {[%emt 0:17:48]} 15. Nxe6 {[%emt 0:02:20]} fxe6 {[%emt 0:00:12]} 16. Be5 {[%emt 0:02:33]} Rf8 {[%emt 0:02:19]} 17. Bxg7 {[%emt 0:07:44]} Nxg7 {[%emt 0:00:57]} 18. Ne2 {[%emt 0:04:57]} Rf6 {[%emt 0:04:53]} 19. c3 {[%emt 0:02:32]} Raf8 {[%emt 0:00:47]} 20. f3 {[%emt 0:01:35]} Nh5 {[%emt 0:15:53]} 21. Qg5 {[%emt 0:06:11]} R8f7 {[%emt 0:13:39]} 22. Qe5 {[%emt 0:03:17]} Rf5 {[%emt 0:02:07]} 23. Qe3 {[%emt 0:04:27]} Qd6 {[%emt 0:09:27]} 24. Rf1 {[%emt 0:01:07]} Ng7 {[%emt 0:14:22]} 25. Rf2 {[%emt 0:03:02]} Qb6 {[%emt 0:19:38]} 26. b3 {[%emt 0:03:41]} e5 {[%emt 0:01:27]} 27. Raf1 {[%emt 0:02:12]} exd4 {[%emt 0:14:04]} 1/2-1/2

[Event "7. Arber-Senioren-Cup 2019"]
[Site "Bodenmais"]
[Date "2019.08.02"]
[Round "7.1"]
[White "Koehler, Gerhard"]
[Black "Pirrot, Dieter"]
[Result "1/2-1/2"]
[WhiteElo "2197"]
[BlackElo "2315"]
[Annotator "ChessBase"]
[PlyCount "111"]
[EventDate "2019.07.27"]
[EventType "swiss"]
[EventCountry "GER"]
[SourceTitle "playchess.com"]
[Source "ChessBase"]
[SourceQuality "1"]
[TimeControl "60/7800+30:0"]

1. c4 {[%emt 0:00:00]} e5 {[%emt 0:00:00]} 2. g3 {[%emt 0:00:00]} Nf6 {[%emt 0:00:00]} 3. Bg2 {[%emt 0:00:00]} c6 {[%emt 0:00:00]} 4. Nf3 {[%emt 0:01:03]} e4 {[%emt 0:00:28]} 5. Nd4 {[%emt 0:00:04]} Qb6 {[%emt 0:00:59]} 6. e3 {[%emt 0:05:33]} d5 {[%emt 0:01:51]} 7. cxd5 {[%emt 0:01:44]} cxd5 {[%emt 0:00:27]} 8. Nc3 {[%emt 0:05:38]} Nc6 {[%emt 0:03:53]} 9. Nxc6 {[%emt 0:13:18]} bxc6 {[%emt 0:00:13]} 10. d3 {[%emt 0:01:25]} exd3 {[%emt 0:09:57]} 11. Qxd3 {[%emt 0:03:01]} Ba6 {[%emt 0:00:56]} 12. Qd1 {[%emt 0:04:14]} Bb4 {[%emt 0:03:42]} 13. Bd2 {[%emt 0:03:06]} O-O {[%emt 0:03:38]} 14. a3 {[%emt 0:10:20]} Bxc3 {[%emt 0:01:00]} 15. Bxc3 {[%emt 0:00:10]} Rfe8 {[%emt 0:26:23]} 16. Qd2 {[%emt 0:07:56]} Ne4 {[%emt 0:01:10]} 17. Bxe4 {[%emt 0:03:04]} dxe4 {[%emt 0:01:46]} 18. Qd4 {[%emt 0:00:32]} f6 {[%emt 0:00:08]} 19. O-O-O {[%emt 0:03:05]} Bd3 {[%emt 0:01:57]} 20. Qxb6 {[%emt 0:00:34]} axb6 {[%emt 0:00:07]} 21. f4 {[%emt 0:03:48]} c5 {[%emt 0:05:25]} 22. Kd2 {[%emt 0:03:15]} Red8 {[%emt 0:11:49]} 23. Ke1 {[%emt 0:05:58]} Bc2 {[%emt 0:02:07]} 24. Rxd8+ {[%emt 0:02:00]} Rxd8 {[%emt 0:00:07]} 25. Ke2 {[%emt 0:00:09]} h5 {[%emt 0:02:22]} 26. h3 {[%emt 0:06:28]} Kf7 {[%emt 0:00:42]} 27. Kf2 {[%emt 0:03:36]} Bd1 {[%emt 0:01:47]} 28. Re1 {[%emt 0:02:48]} Rd3 {[%emt 0:00:32]} 29. Rg1 {[%emt 0:01:15]} Bf3 {[%emt 0:06:51]} 30. g4 {[%emt 0:14:35]} hxg4 {[%emt 0:03:13]} 31. hxg4 {[%emt 0:00:10]} g5 {[%emt 0:00:46]} 32. fxg5 {[%emt 0:00:54]} fxg5 {[%emt 0:01:51]} 33. Rg3 {[%emt 0:01:32]} Kg6 {[%emt 0:00:40]} 34. Rh3 {[%emt 0:03:43]} Bxg4 {[%emt 0:01:40]} 35. Rh8 {[%emt 0:00:12]} Bd7 {[%emt 0:05:48]} 36. Rb8 {[%emt 0:02:47]} b5 {[%emt 0:00:30]} 37. Rb7 {[%emt 0:04:53]} Kh5 {[%emt 0:03:47]} 38. Rc7 {[%emt 0:01:37]} Rd5 {[%emt 0:01:56]} 39. Kg3 {[%emt 0:00:19]} Kg6 {[%emt 0:02:47]} 40. Kg2 {[%emt 0:02:53]} Kf5 {[%emt 0:00:39]} 41. Kg3 {[%emt 0:00:19]} Ke6 {[%emt 0:00:19]} 42. Rb7 {[%emt 0:03:56]} Rd1 {[%emt 0:01:37]} 43. Rb8 {[%emt 0:01:07]} Rf1 {[%emt 0:00:52]} 44. Rg8 {[%emt 0:04:24]} Rf3+ {[%emt 0:02:15]} 45. Kg2 {[%emt 0:00:25]} Kf5 {[%emt 0:00:56]} 46. Rf8+ {[%emt 0:01:23]} Kg4 {[%emt 0:00:12]} 47. Rxf3 {[%emt 0:00:10]} exf3+ {[%emt 0:00:06]} 48. Kf2 {[%emt 0:00:09]} Bc6 {[%emt 0:01:02]} 49. Be5 {[%emt 0:00:23]} Kf5 {[%emt 0:01:05]} 50. Bd6 {[%emt 0:00:16]} c4 {[%emt 0:00:06]} 51. Bc5 {[%emt 0:00:54]} Ke4 {[%emt 0:00:32]} 52. Be7 {[%emt 0:00:31]} g4 {[%emt 0:00:07]} 53. Bd6 {[%emt 0:00:22]} Kd3 {[%emt 0:00:21]} 54. Be5 {[%emt 0:00:47]} Be4 {[%emt 0:00:37]} 55. Bg3 {[%emt 0:01:30]} Bc6 {[%emt 0:05:42]} 56. Bd6 {[%emt 0:00:44]} 1/2-1/2

[Event "7. Arber-Senioren-Cup 2019"]
[Site "Bodenmais"]
[Date "2019.08.02"]
[Round "7.2"]
[White "Herbold, Manfred"]
[Black "Blechzin, Igor"]
[Result "1/2-1/2"]
[WhiteElo "2081"]
[BlackElo "2221"]
[Annotator "ChessBase"]
[PlyCount "33"]
[EventDate "2019.07.27"]
[EventType "swiss"]
[EventCountry "GER"]
[SourceTitle "playchess.com"]
[Source "ChessBase"]
[SourceQuality "1"]
[TimeControl "60/7800+30:0"]

1. e4 {[%emt 0:00:00]} c5 {[%emt 0:00:00]} 2. b4 {[%emt 0:01:07]} cxb4 {[%emt 0:04:38]} 3. a3 {[%emt 0:00:16]} d5 {[%emt 0:06:54]} 4. exd5 {[%emt 0:00:13]} Qxd5 {[%emt 0:01:07]} 5. Nf3 {[%emt 0:00:21]} e6 {[%emt 0:13:20]} 6. axb4 {[%emt 0:05:43]} Bxb4 {[%emt 0:02:14]} 7. c3 {[%emt 0:00:42]} Be7 {[%emt 0:00:59]} 8. d4 {[%emt 0:01:00]} Nf6 {[%emt 0:01:05]} 9. Na3 {[%emt 0:05:24]} O-O {[%emt 0:17:06]} 10. Bd3 {[%emt 0:04:46]} Bd7 {[%emt 0:12:41]} 11. O-O {[%emt 0:04:05]} Bc6 {[%emt 0:02:01]} 12. Nc4 {[%emt 0:06:36]} Nbd7 {[%emt 0:00:41]} 13. Re1 {[%emt 0:01:26]} b6 {[%emt 0:09:07]} 14. Nce5 {[%emt 0:01:17]} Nxe5 {[%emt 0:03:52]} 15. Rxe5 {[%emt 0:07:21]} Qd7 {[%emt 0:00:40]} 16. Rg5 {[%emt 0:05:46]} Qb7 {[%emt 0:08:32]} 17. Ne5 {[%emt 0:05:08]} 1/2-1/2

[Event "7. Arber-Senioren-Cup 2019"]
[Site "Bodenmais"]
[Date "2019.08.02"]
[Round "7.3"]
[White "Greul, Hans"]
[Black "Pribyl, Josef"]
[Result "1/2-1/2"]
[WhiteElo "2009"]
[BlackElo "2234"]
[Annotator "ChessBase"]
[PlyCount "68"]
[EventDate "2019.07.27"]
[EventType "swiss"]
[EventCountry "GER"]
[SourceTitle "playchess.com"]
[Source "ChessBase"]
[SourceQuality "1"]
[TimeControl "60/7800+30:0"]

1. d4 {[%emt 0:00:00]} Nf6 {[%emt 0:00:00]} 2. c4 {[%emt 0:00:00]} g6 {[%emt 0:00:00]} 3. Bf4 {[%emt 0:01:19]} Bg7 {[%emt 0:00:00]} 4. e3 {[%emt 0:00:10]} c5 {[%emt 0:00:29]} 5. Nc3 {[%emt 0:01:21]} cxd4 {[%emt 0:00:22]} 6. exd4 {[%emt 0:00:13]} O-O {[%emt 0:00:32]} 7. Nf3 {[%emt 0:01:58]} d5 {[%emt 0:00:02]} 8. Qb3 {[%emt 0:02:19]} dxc4 {[%emt 0:01:40]} 9. Bxc4 {[%emt 0:00:10]} Nc6 {[%emt 0:00:02]} 10. Qd1 {[%emt 0:10:13]} Na5 {[%emt 0:16:15]} 11. Be2 {[%emt 0:02:34]} Be6 {[%emt 0:00:26]} 12. O-O {[%emt 0:01:21]} Nd5 {[%emt 0:00:33]} 13. Nxd5 {[%emt 0:06:16]} Bxd5 {[%emt 0:00:03]} 14. Qd2 {[%emt 0:02:28]} Rc8 {[%emt 0:02:08]} 15. Rfd1 {[%emt 0:02:30]} Qb6 {[%emt 0:02:48]} 16. b3 {[%emt 0:03:39]} Rfd8 {[%emt 0:00:19]} 17. Be3 {[%emt 0:07:56]} Nc6 {[%emt 0:02:07]} 18. Rac1 {[%emt 0:00:50]} Nb4 {[%emt 0:03:51]} 19. Ne5 {[%emt 0:02:41]} Rxc1 {[%emt 0:02:23]} 20. Rxc1 {[%emt 0:00:59]} Nc6 {[%emt 0:08:23]} 21. Qc3 {[%emt 0:03:42]} e6 {[%emt 0:06:44]} 22. Nxc6 {[%emt 0:02:38]} bxc6 {[%emt 0:01:19]} 23. f3 {[%emt 0:03:27]} Rb8 {[%emt 0:01:59]} 24. Bc4 {[%emt 0:05:34]} h5 {[%emt 0:05:43]} 25. Bxd5 {[%emt 0:00:27]} cxd5 {[%emt 0:00:01]} 26. Qc5 {[%emt 0:01:44]} Qa6 {[%emt 0:00:49]} 27. Qc7 {[%emt 0:04:34]} Rf8 {[%emt 0:03:18]} 28. Rc2 {[%emt 0:06:20]} Qd3 {[%emt 0:09:26]} 29. Qc3 Qxc3 30. Rxc3 a5 31. Rc5 a4 32. b4 Rb8 33. a3 Bf8 34. Rc3 Bd6 1/2-1/2

[Event "7. Arber-Senioren-Cup 2019"]
[Site "Bodenmais"]
[Date "2019.08.02"]
[Round "7.4"]
[White "Lorenc, Tomas"]
[Black "Godoj, Veit"]
[Result "1-0"]
[WhiteElo "2158"]
[BlackElo "1995"]
[Annotator "NA"]
[PlyCount "91"]
[EventDate "2019.07.27"]
[EventType "swiss"]
[EventCountry "GER"]
[SourceTitle "playchess.com"]
[Source "ChessBase"]
[SourceQuality "1"]
[TimeControl "60/7800+30:0"]

1. c4 {[%emt 0:02:20]} e6 {[%emt 0:00:00]} 2. g3 {[%emt 0:00:15]} d5 {[%emt 0:00:16]} 3. Bg2 {[%emt 0:00:19]} f5 {[%emt 0:00:22]} 4. Nf3 {[%emt 0:03:14]} c6 {[%emt 0:00:09]} 5. O-O {[%emt 0:04:30]} Bd6 {[%emt 0:00:10]} 6. d3 {[%emt 0:04:22]} Nf6 {[%emt 0:00:30]} 7. Nc3 {[%emt 0:01:59]} e5 {[%emt 0:17:30]} 8. cxd5 {[%emt 0:08:05]} Nxd5 {[%emt 0:01:12]} 9. Nxd5 {[%emt 0:07:15]} cxd5 {[%emt 0:00:01]} 10. Qb3 {[%emt 0:00:34]} d4 {[%emt 0:03:13]} 11. Bg5 {[%emt 0:07:51]} Qb6 {[%emt 0:07:01]} 12. Qd5 {[%emt 0:14:04]} Qc6 {[%emt 0:00:55]} 13. Rfc1 {[%emt 0:05:05]} Qxd5 {[%emt 0:01:36]} 14. Rxc8+ {[%emt 0:00:02]} Kf7 {[%emt 0:00:00]} 15. Rxh8 {[%emt 0:00:11]} Qb5 {[%emt 0:19:06]} 16. Nh4 {[%emt 0:04:24]} Bf8 {[%emt 0:16:50]} 17. Nxf5 {[%emt 0:03:04]} h6 {[%emt 0:11:42]} 18. Bc1 {[%emt 0:21:20]} a5 {[%emt 0:00:49]} 19. Be4 {[%emt 0:05:43]} Ra6 {[%emt 0:00:56]} 20. f4 {[%emt 0:01:26]} Nd7 {[%emt 0:17:49]} 21. fxe5 {[%emt 0:05:30]} Nxe5 {[%emt 0:01:13]} 22. Nxd4 {[%emt 0:03:39]} Qd7 {[%emt 0:08:19]} 23. Nf5 {[%emt 0:11:27]} Rf6 {[%emt 0:10:38]} 24. Bd2 {[%emt 0:04:35]} Ng6 {[%emt 0:16:52]} 25. Nxh6+ {[%emt 0:00:44]} Ke6 {[%emt 0:00:55]} 26. Rxf8 {[%emt 0:15:21]} Nxf8 {[%emt 0:00:13]} 27. Ng4 {[%emt 0:00:43]} Qd4+ {[%emt 0:00:12]} 28. Be3 {[%emt 0:01:01]} Qxb2 {[%emt 0:00:02]} 29. Re1 {[%emt 0:00:26]} Rf7 {[%emt 0:00:57]} 30. d4 {[%emt 0:00:37]} Qc3 {[%emt 0:00:17]} 31. Rc1 {[%emt 0:00:35]} Qa3 {[%emt 0:02:59]} 32. d5+ {[%emt 0:00:22]} Kd6 {[%emt 0:00:39]} 33. Bc5+ {[%emt 0:03:31]} Qxc5+ {[%emt 0:00:02]} 34. Rxc5 {[%emt 0:00:06]} Kxc5 {[%emt 0:00:01]} 35. Ne5 {[%emt 0:00:15]} Re7 {[%emt 0:00:35]} 36. Nd3+ {[%emt 0:00:06]} Kd4 {[%emt 0:00:33]} 37. Bf3 {[%emt 0:01:07]} b5 {[%emt 0:00:20]} 38. d6 {[%emt 0:00:46]} Rf7 {[%emt 0:02:03]} 39. Bc6 {[%emt 0:01:24]} b4 {[%emt 0:00:01]} 40. Be8 {[%emt 0:00:50]} Rf6 {[%emt 0:01:24]} 41. d7 {[%emt 0:00:41]} Ne6 42. Nf4 Nd8 43. e3+ Kxe3 44. Nd5+ Kd3 45. Nxf6 gxf6 46. h4 1-0

[Event "7. Arber-Senioren-Cup 2019"]
[Site "Bodenmais"]
[Date "2019.08.02"]
[Round "7.5"]
[White "Steinbach, Peter"]
[Black "Korte, Markus"]
[Result "1-0"]
[WhiteElo "1958"]
[BlackElo "2028"]
[Annotator "NA"]
[PlyCount "27"]
[EventDate "2019.07.27"]
[EventType "swiss"]
[EventCountry "GER"]
[SourceTitle "playchess.com"]
[Source "ChessBase"]
[SourceQuality "1"]
[TimeControl "60/7800+30:0"]

1. e4 {[%emt 0:00:03]} e5 {[%emt 0:00:00]} 2. Bc4 {[%emt 0:00:39]} Nf6 {[%emt 0:00:02]} 3. d4 {[%emt 0:00:08]} exd4 {[%emt 0:06:02]} 4. Nf3 {[%emt 0:00:19]} Nc6 {[%emt 0:02:36]} 5. O-O {[%emt 0:05:27]} Bc5 {[%emt 0:03:55]} 6. e5 {[%emt 0:00:34]} d5 {[%emt 0:01:12]} 7. exf6 {[%emt 0:11:06]} dxc4 {[%emt 0:01:01]} 8. Re1+ {[%emt 0:02:10]} Be6 {[%emt 0:00:07]} 9. Ng5 {[%emt 0:02:22]} Qxf6 {[%emt 0:02:34]} 10. Nxe6 {[%emt 0:00:07]} fxe6 {[%emt 0:00:19]} 11. Qh5+ {[%emt 0:00:07]} Qf7 {[%emt 0:05:06]} 12. Qxc5 {[%emt 0:02:48]} O-O-O {[%emt 0:01:29]} 13. Qxc4 {[%emt 0:00:39]} Rhf8 {[%emt 0:00:33]} 14. Qxe6+ {[%emt 0:00:36]} 1-0

[Event "7. Arber-Senioren-Cup 2019"]
[Site "Bodenmais"]
[Date "2019.08.02"]
[Round "7.6"]
[White "Neubauer, Jaroslaus"]
[Black "Hamlack, Heinz"]
[Result "1/2-1/2"]
[WhiteElo "2014"]
[BlackElo "1986"]
[Annotator "NA"]
[PlyCount "67"]
[EventDate "2019.07.27"]
[EventType "swiss"]
[EventCountry "GER"]
[SourceTitle "playchess.com"]
[Source "ChessBase"]
[SourceQuality "1"]
[TimeControl "60/7800+30:0"]

1. e4 {[%emt 0:00:00]} c6 {[%emt 0:00:00]} 2. Nf3 {[%emt 0:00:00]} d5 {[%emt 0:00:00]} 3. Nc3 {[%emt 0:00:19]} Bg4 {[%emt 0:00:46]} 4. h3 {[%emt 0:00:12]} Bxf3 {[%emt 0:00:14]} 5. Qxf3 {[%emt 0:00:16]} e6 {[%emt 0:00:51]} 6. exd5 {[%emt 0:02:41]} cxd5 {[%emt 0:01:20]} 7. d4 {[%emt 0:00:52]} Nc6 {[%emt 0:01:19]} 8. Bb5 {[%emt 0:01:57]} Qb6 {[%emt 0:03:47]} 9. Qe3 {[%emt 0:14:23]} Bb4 {[%emt 0:00:20]} 10. O-O {[%emt 0:00:32]} Bxc3 {[%emt 0:00:07]} 11. Bxc6+ {[%emt 0:00:12]} Qxc6 {[%emt 0:00:03]} 12. bxc3 Rc8 {[%emt 0:00:20]} 13. Bd2 {[%emt 0:00:37]} Nf6 {[%emt 0:00:06]} 14. f3 {[%emt 0:01:50]} O-O {[%emt 0:00:26]} 15. a4 {[%emt 0:00:40]} Ne8 {[%emt 0:00:40]} 16. Rfb1 {[%emt 0:13:23]} Nd6 {[%emt 0:01:05]} 17. Qe2 {[%emt 0:00:47]} Nc4 {[%emt 0:00:43]} 18. Rb3 {[%emt 0:00:17]} b6 {[%emt 0:00:21]} 19. Be1 {[%emt 0:05:29]} Rfe8 {[%emt 0:01:45]} 20. f4 {[%emt 0:00:19]} a6 {[%emt 0:05:14]} 21. Qf3 {[%emt 0:03:02]} Ra8 {[%emt 0:02:15]} 22. h4 {[%emt 0:01:54]} b5 {[%emt 0:01:22]} 23. axb5 {[%emt 0:01:29]} axb5 {[%emt 0:00:06]} 24. Rab1 {[%emt 0:01:49]} Nd6 {[%emt 0:06:34]} 25. h5 {[%emt 0:00:34]} Ra2 {[%emt 0:01:11]} 26. h6 {[%emt 0:03:25]} g6 {[%emt 0:10:52]} 27. g4 {[%emt 0:09:38]} Rxc2 {[%emt 0:11:36]} 28. Qe3 {[%emt 0:05:35]} Nc4 {[%emt 0:00:19]} 29. Qd3 {[%emt 0:00:10]} Ra2 {[%emt 0:00:28]} 30. Rxb5 {[%emt 0:00:14]} Qd6 {[%emt 0:02:11]} 31. Qg3 {[%emt 0:04:24]} Re2 32. Rb7 {[%emt 0:18:20]} Re4 {[%emt 0:11:43]} 33. Kh1 {[%emt 0:06:09]} Re3 {[%emt 0:21:04]} 34. Qh2 1/2-1/2